000 00344 a2200145 4500
001 149508
040 _cEscola São Tomás de Aquino
100 _aFERREIRA, João Geraldo Pinto
240 1 0 _aPena quebrada
_lpor
245 1 0 _aPena quebrada
300 _a41
362 0 _a1999
697 _aFolclore / Adivinhações / Lendas
942 _cBK
999 _c149508
_d149508